Countries of the world by independence - Statistics

General Stats
  • This quiz has been taken 354 times
    280 since last reset
  • The average score is 167 of 181
Answer Stats
Hint Answer % Correct
Argentina | Bolivia | Chile | +12 others Spanish Empire
100%
Afghanistan | Antigua | Australia | +48 others British Empire
98%
Benin | Burkina Faso | CAR | +24 others French Empire
98%
Algeria Franch Empire
97%
Brazil Portugease Empire
97%
Angola | Cape Verde | Mozambique | Sao Tome Portuguese Empire
97%
Liberia | Marshall Islands | Micronesia | +2 others United States
96%
Liechtenstein | Netherlands | Switzerland Holy Roman Empire
94%
Finland Russian Empire
94%
Cameroon | Poland German Empire
93%
Ethiopia | Libya | Somalia | Vatican City Italian Empire
93%
Belgium | Indonesia | Suriname Dutch Empire
91%
Norway Denmark
90%
Bangladesh | Bhutan | Pakistan India
90%
Mongolia | Taiwan China
89%
Armenia | Azerbaijan | Belarus | +12 others Soviet Union
89%
Austria Austria-Hungary
88%
Albania | Bulgaria | Cyprus | +10 others Ottoman Empire
88%
Bosnia | Croatia | Macedonia | +3 others Yugoslavia
88%
Congo (DR) | Rwanda Belgian Empire
85%
Nauru | Papua New Guinea Australia
84%
North Korea | South Korea Japanese Empire
83%
South Sudan Sudan
82%
Hungary Austria-Hungary
81%
Timor Leste Indonesia
80%
Eritrea Ethiopia
79%
Iceland Norway
79%
Namibia South Africa
78%
Czech Republic | Slovakia Czechoslovakia
77%
Panama | Venezuela Colombia
76%
Kosovo Serbia
76%
Singapore Malaysia
75%
Samoa New Zealand
66%
Israel Palestine
54%
Italy Roman Empire
47%
Sweden Kalmar Union
22%
Spain Morocco
18%
No matching quizzes found
Score Distribution
Percent of People with Each Score
Percentile by Number Answered
Your Score History
You have not taken this quiz since the last reset